003740000a2200169000450000500170000094200090001710000180002624500330004425000070007726000400008430000100012404000080013465000120014265000140015465000170016899900190018520120302061850.0 cBOOK a Ramdas,Swami a In the Vision Of God:Part 1 a 2 aMumbai:Bharatiya Vidya Bhavan,1974. a270p. aENG aHistory aBiography aRamdas Swami c355115d355112